Vista normal
Vista MARC
Entrada Personal Name
Número de registros utilizados en: 1
001 - CONTROL NUMBER
- control field: 3330
003 - CONTROL NUMBER IDENTIFIER
- control field: DLC
005 - DATE AND TIME OF LATEST TRANSACTION
- control field: 20250909133056.0
008 - FIXED-LENGTH DATA ELEMENTS
- fixed length control field: 790124n| azannaabn |n aaa
010 ## - LIBRARY OF CONGRESS CONTROL NUMBER
- LC control number: n 79007008
035 ## - SYSTEM CONTROL NUMBER
- System control number: (OCoLC)oca00241139
040 ## - CATALOGING SOURCE
- Original cataloging agency: DLC
- Language of cataloging: spa
- Description conventions: rda
- Transcribing agency: Mx-PuUPA
- Modifying agency: DLC
- Modifying agency: CLU
- Modifying agency: FU
- Modifying agency: Mx-PuUPA
100 1# - HEADING--PERSONAL NAME
- Personal name: Healy, Robert G.,
374 ## - OCCUPATION
- Occupation: Autor
- Occupation: Profesor emérito de política ambiental
375 ## - GENDER
- Gender: hombre
377 ## - ASSOCIATED LANGUAGE
- Language code: eng
670 ## - SOURCE DATA FOUND
- Source citation: His Land use and the States, c1976.
670 ## - SOURCE DATA FOUND
- Source citation: His America's industrial future, c1982:
- Information found: CIP t.p. (Robert G. Healy) data sheet (b. 1945)
670 ## - SOURCE DATA FOUND
- Source citation: Ascher, W. Natural resource policymaking in developing countries, 1990:
- Information found: CIP t.p. (Robert Healy) CIP galley (Robert G. Healy; Durham, N.C.)
670 ## - SOURCE DATA FOUND
- Source citation: OCLC, 14/vii/01 [UCLA Masters thesis]
- Information found: (hdg.: Healy, Robert Grogan, 1945- )